Music Quiz

Random Music or Album Quiz

Goo Goo Dolls Singles Quiz Stats

 Plays Quiz not verified by Sporcle

Support Sporcle.
Go Orange.
Score 0/27 Timer 07:00
0 Plays Today
Album Song Title % Correct
City of Angels SoundtrackIris
96%
A Boy Named GooName
90.8%
Dizzy Up the GirlBlack Balloon
90.8%
Dizzy Up the GirlSlide
89%
Let Love InLet Love In
87.3%
Dizzy Up the GirlBroadway
79.2%
Dizzy Up the GirlDizzy
74%
GutterflowerHere Is Gone
73.4%
GutterflowerSympathy
69.9%
GutterflowerBig Machine
68.8%
Target Sounds of the SeasonBetter Days
67.1%
Live In BuffaloGive A Little Bit
65.9%
Something For the Rest Of UsHome
63.6%
Let Love InStay With You
59.5%
Album Song Title % Correct
Transformers SoundtrackBefore It's Too Late
57.8%
A Boy Named GooLong Way Down
53.8%
Something For the Rest Of UsNotbroken
51.4%
A Boy Named GooNaked
49.7%
AT&T Team USA SoundtrackReal
45.7%
Superstar Car WashWe Are the Normal
39.3%
A Boy Named GooFlat Top
34.7%
Freddy's Dead SoundtrackI'm Awake Now
32.4%
Batman & Robin SoundtrackLazy Eye
30.6%
Hold Me UpThere You Are
29.5%
A Boy Named GooOnly One
23.7%
Superstar Car WashFallin' Down
23.7%
Hold Me UpJust the Way You Are
12.7%

You're not logged in!

Compare scores with friends on all Sporcle quizzes.
OR
Log In

From the Vault

Michael Jackson's Vocabulary

by lolshortee

We hope things don't work out too Bad!
Remove Ads.
Support Sporcle.
Get the best of Sporcle when you Go Orange. This ad-free experience offers more features, more stats, and more fun while also helping to support Sporcle. Thank you for becoming a member.

Show Comments

Extras

Created Mar 1, 2011ReportNominate
Tags:Album Quiz, Song Quiz

Top Quizzes Today


Score Distribution

Your Account Isn't Verified!

In order to create a playlist on Sporcle, you need to verify the email address you used during registration. Go to your Sporcle Settings to finish the process.

Report this User

Report this user for behavior that violates our Community Guidelines.

Details: